| 000 | 00493nam a22001697a 4500 | ||
|---|---|---|---|
| 005 | 20200511153319.0 | ||
| 008 | 200511b xxu||||| |||| 00| 0 eng d | ||
| 020 | _a9789388217530 | ||
| 041 | _aeng | ||
| 082 | _a615.32 | ||
| 100 |
_aNIMA, RAJESH KUMAR _95349 |
||
| 245 |
_aExperimental pharmacognosy for student of B.Pharma and M.Pharma _cRajesh kumar Nema |
||
| 260 |
_aNew Delhi _bC.B.S Publication and Distributors _c2019 |
||
| 300 | _a275, xv | ||
| 650 |
_aPharmacy _95350 |
||
| 942 | _cBK | ||
| 999 |
_c6187 _d6185 |
||